Cities with Michelin-Starred Restaurants - Sudden Death - Statistics

General Stats
  • This quiz has been taken 129 times
  • The average score is 13 of 24
Answers on the Grid
Answers color-coded by a green-red scale on the quiz's grid according to % correct below.
Saint Petersburg
Vienna
Aberdeen
Paris
Beijing
Kabul
Cairo
Milan
Antwerp
La Paz
Berlin
Copenhagen
Johannesburg
Rome
Tokyo
Addis Ababa
Singapore
Barcelona
Dubai
Baghdad
Karachi
Pyongyang
London
Havana
Chicago
San Juan
Detroit
Kingston
Oslo
Baku
Los Angeles
Taipei
Casablanca
Luanda
Bangkok
Fortaleza
Baltimore
Stockholm
Madrid
Cape Town
San Francisco
Basel
Tijuana
Seoul
Marseille
Lagos
Tashkent
Ankara
 
Answer Stats
Answer % Correct
Paris
77%
Vienna
77%
London
69%
Rome
67%
Tokyo
67%
Los Angeles
65%
Beijing
63%
Berlin
63%
Madrid
63%
Barcelona
60%
Milan
60%
Seoul
58%
Chicago
56%
Copenhagen
56%
San Francisco
52%
Singapore
52%
Stockholm
46%
Dubai
44%
Marseille
35%
Oslo
33%
Bangkok
31%
Taipei
27%
Antwerp
21%
Basel
19%
No matching quizzes found
Score Distribution
Percent of People with Each Score
Percentile by Number Answered
Your Score History
You have not taken this quiz